000 00433nam a2200181Ia 4500
001 13917
005 20260306164836.0
008 260306t1995||||xx |||||||||||||| ||spa||
041 _aESP
082 _a005.453
_bT42
100 _aTeufel, Bernard
_eAUT
245 0 _aCompiladores:
_bconceptos fundamentales
260 _c1995
300 _a179 páginas :
_c23 cm.
650 _aGEN
654 _aCCC
942 _cLIB
_dJUS
_fJUS
_2ddc
_n
999 _c13917
_d13917